000 01133 a2200265 4500
003 OSt
005 20180116182713.0
008 170830b xxu||||| |||| 00| 0 eng d
020 _a0195778421
020 _a9780195778427
040 _c0
082 0 4 _a954.21 RAF 1997
100 _aEdited by Rafi Raza
245 0 0 _aPakistan in Perspective 1947-1997.
_cEdited by Rafi Raza
250 _a1 Ed ed.
260 _aKarachi
_bOxford University Press, USA,
_c1997.
300 _a320 p. ;
_c23 cm.
_bHB
440 _aPakistan in Perspective 1947-1997.
500 _aHardcover.
520 _aThis important new reference provides a wide range of historical and other information about Pakistan's first fifty years. The articles, written by leading Pakistani experts, discuss education, the constitution, foreign affairs, family planning, economics, and human rights.
700 1 _aRaza, Rafi.
856 4 0 _3Amazon.com
_uhttp://www.amazon.com/exec/obidos/ASIN/0195778421/chopaconline-20
856 4 0 _3Amazon customer reviews
_uhttp://www.chopac.org/cgi-bin/tools/azrev.pl?q=0195778421
942 _aNBS
_cBK
_k954.21 RAF 1997
_2ddc
999 _c344461
_d344461